Statistics for European Countries With The Most Deaths From Malnutrition

Click here to take the quiz!

General Stats

  • This quiz has been taken 32 times
  • The average score is 11 of 15

Answer Stats

Deaths Per 100,000Country% Correct
0.21Ukraine
93%
0.23Portugal
86%
0.38Romania
86%
1.26France
79%
0.26Italy
76%
0.29Slovakia
76%
0.85Czech Republic
72%
0.23Poland
72%
0.33Sweden
72%
0.30Switzerland
72%
0.74Belgium
69%
0.77Norway
69%
0.50Iceland
66%
0.71Luxembourg
59%
0.18Cyprus
41%

Score Distribution

Percentile by Number Answered

Percent of People with Each Score

Your Score History

You have not taken this quiz